[Event "Copenhagen Chess Challenge 2009"]
[Site "Ballerup"]
[Date "2009.??.??"]
[Round "1"]
[White "Pedersen, Nicolai Vesterbaek"]
[Black "Fredericia, Louise Winther"]
[Result "1-0"]
[WhiteElo "2417"]
[BlackElo "2100"]
[PlyCount "53"]
[EventDate "2009.??.??"]
[EventType "swiss"]
[EventRounds "9"]
[EventCountry "DEN"]

1. d4 d5 2. c4 e6 3. Nc3 Nf6 4. cxd5 exd5 5. Bg5 Be7 6. e3 O-O 7. Qc2 Re8 8.
Bd3 h6 9. Bh4 c5 10. Nge2 c4 11. Bf5 Nc6 12. a3 b5 13. Bxc8 Rxc8 14. O-O g5 15.
Bg3 b4 16. axb4 Bxb4 17. Qf5 Re6 18. Be5 Ne8 19. f4 Bxc3 20. Nxc3 Nxe5 21. dxe5
Rc7 22. Rad1 Ng7 23. Qe4 dxe4 24. Rxd8+ Kh7 25. Nd5 Rb7 26. f5 Ra6 27. g4 1-0

[Event "Copenhagen Chess Challenge 2009"]
[Site "Ballerup"]
[Date "2009.??.??"]
[Round "1"]
[White "Pallesen, Jacob"]
[Black "Hoi, Carsten"]
[Result "0-1"]
[WhiteElo "2030"]
[BlackElo "2387"]
[PlyCount "86"]
[EventDate "2009.??.??"]
[EventType "swiss"]
[EventRounds "9"]
[EventCountry "DEN"]

1. d4 Nf6 2. Nf3 d5 3. c4 dxc4 4. Qa4+ Qd7 5. Qxc4 Qc6 6. e3 Be6 7. Qxc6+ Nxc6
8. Bb5 Bd7 9. Bxc6 Bxc6 10. Nc3 e6 11. O-O Bd6 12. Re1 O-O-O 13. a3 Ne4 14. Nd2
Nxd2 15. Bxd2 Be7 16. b4 a6 17. Ne2 h5 18. Bc3 Rh6 19. Nf4 Bd6 20. Nd3 Be4 21.
Red1 Rg6 22. Ne1 f5 23. f3 Bc6 24. Kh1 h4 25. h3 Rh6 26. f4 Rg8 27. Nf3 Be7 28.
Be1 Bd5 29. Bf2 g5 30. fxg5 Rh5 31. Rg1 Bxg5 32. Rae1 Be7 33. Ra1 Rh7 34. Kh2
Rhg7 35. Ne1 Bd6+ 36. Kh1 Bg3 37. Rf1 Bxf2 38. Rxf2 Rg3 39. Nf3 Rxg2 40. Rxg2
Bxf3 41. Rag1 Rg3 42. Kh2 Bxg2 43. Rxg2 Rxe3 0-1

[Event "Copenhagen Chess Challenge 2009"]
[Site "Ballerup"]
[Date "2009.??.??"]
[Round "1"]
[White "Boulan, Laura"]
[Black "Picard, Romain"]
[Result "0-1"]
[WhiteElo "1955"]
[BlackElo "2339"]
[PlyCount "82"]
[EventDate "2009.??.??"]
[EventType "swiss"]
[EventRounds "9"]
[EventCountry "DEN"]

1. e4 Nc6 2. d4 d5 3. e5 Bf5 4. Nf3 f6 5. Bf4 fxe5 6. dxe5 e6 7. Nbd2 Bc5 8.
Nb3 Bb6 9. Bb5 Nge7 10. O-O O-O 11. Bg3 Bg4 12. Be2 Ng6 13. Re1 Qe7 14. c3 Nf4
15. Nbd4 Nxd4 16. Nxd4 Nxe2+ 17. Nxe2 Rf5 18. Qd2 Bxe2 19. Rxe2 Raf8 20. Kh1 g5
21. f3 g4 22. f4 Qg7 23. Rf1 Rh5 24. Be1 Rxe5 25. Bg3 Rxe2 26. Qxe2 Qg6 27. Re1
Re8 28. Qe5 Kf7 29. Rf1 Qf5 30. Qe2 h5 31. Qe5 Qxe5 32. fxe5+ Kg8 33. Bh4 Rf8
34. Bf6 Kh7 35. g3 Kg6 36. Kg2 Be3 37. Rd1 Bg5 38. c4 Bxf6 39. exf6 c6 40. cxd5
exd5 41. Re1 Kxf6 0-1

[Event "Copenhagen Chess Challenge 2009"]
[Site "Ballerup"]
[Date "2009.??.??"]
[Round "1"]
[White "Brauener, Jonathan"]
[Black "Jacobsen, Bo"]
[Result "0-1"]
[WhiteElo "1916"]
[BlackElo "2325"]
[PlyCount "70"]
[EventDate "2009.??.??"]
[EventType "swiss"]
[EventRounds "9"]
[EventCountry "DEN"]

1. c4 Nf6 2. g3 g6 3. Bg2 Bg7 4. Nc3 O-O 5. e4 c5 6. Nge2 Nc6 7. O-O Ne8 8. d3
Nc7 9. Be3 Ne6 10. Qd2 Ned4 11. f4 e6 12. h3 d6 13. g4 f5 14. exf5 exf5 15. g5
Re8 16. Bf2 Rb8 17. Rfe1 Bd7 18. Rab1 Qa5 19. Ng3 b5 20. Rbd1 bxc4 21. dxc4 Qb4
22. b3 Rxe1+ 23. Bxe1 Re8 24. Bf2 h5 25. Kf1 Kh7 26. Nge2 Re6 27. Bd5 Re7 28.
Bxc6 Nxc6 29. Qxd6 Bxc3 30. Bxc5 Qa5 31. b4 Bxb4 32. Bxb4 Qxb4 33. Qd3 Be6 34.
Rc1 Na5 35. c5 Bc4 0-1

[Event "Copenhagen Chess Challenge 2009"]
[Site "Ballerup"]
[Date "2009.??.??"]
[Round "1"]
[White "Moller, Arne"]
[Black "Hove, Esben Kjems"]
[Result "0-1"]
[WhiteElo "1903"]
[BlackElo "2294"]
[PlyCount "52"]
[EventDate "2009.??.??"]
[EventType "swiss"]
[EventRounds "9"]
[EventCountry "DEN"]

1. e4 c6 2. d4 d5 3. Nc3 dxe4 4. Nxe4 Bf5 5. Ng3 Bg6 6. Nf3 Nd7 7. b3 e6 8. Bb2
Ngf6 9. Be2 Nd5 10. O-O h5 11. Bc4 h4 12. Ne2 h3 13. Re1 Qf6 14. Bxd5 cxd5 15.
Ng3 hxg2 16. c4 O-O-O 17. cxd5 exd5 18. Re3 Bd6 19. Kxg2 Bf4 20. Rc3+ Kb8 21.
Bc1 Be4 22. Bxf4+ Qxf4 23. Rac1 g5 24. Kg1 g4 25. Nd2 Rxh2 26. Kxh2 Qxf2# 0-1

[Event "Copenhagen Chess Challenge 2009"]
[Site "Ballerup"]
[Date "2009.??.??"]
[Round "1"]
[White "Lovik, Lasse Ostebo"]
[Black "Schmidt, Horst Hubert"]
[Result "1-0"]
[WhiteElo "2289"]
[BlackElo "1837"]
[PlyCount "91"]
[EventDate "2009.??.??"]
[EventType "swiss"]
[EventRounds "9"]
[EventCountry "DEN"]

1. e4 d6 2. f4 Nf6 3. Nc3 Bg4 4. Nf3 e5 5. Bc4 Bxf3 6. Qxf3 Nc6 7. O-O Be7 8.
d3 O-O 9. a3 a6 10. g4 Nd4 11. Qg2 c6 12. fxe5 dxe5 13. g5 Kh8 14. gxf6 gxf6
15. Kh1 Rg8 16. Qf2 Qf8 17. Be3 Ne6 18. Ne2 Ng5 19. Ng3 Nh3 20. Qf5 Nf4 21.
Bxf4 exf4 22. Rxf4 Qh6 23. Kg2 Rg5 24. Qh3 Qg6 25. Qd7 Rg8 26. Rf3 Re5 27. Raf1
b5 28. Bb3 c5 29. Rf5 Qg4 30. Rxe5 Qxd7 31. Ref5 c4 32. dxc4 Qd4 33. cxb5 Qxe4+
34. R1f3 axb5 35. Bxf7 Rg7 36. Bb3 Rg6 37. Kf1 Qg4 38. Be6 Qh3+ 39. Kg1 Qh4 40.
R3f4 Rg4 41. Rf3 Qh6 42. Rxb5 Rd4 43. Nf1 Rd1 44. Rb8+ Rd8 45. Rxd8+ Bxd8 46.
Rg3 1-0

[Event "Copenhagen Chess Challenge 2009"]
[Site "Ballerup"]
[Date "2009.??.??"]
[Round "1"]
[White "Hagen, Andreas Skytte"]
[Black "Haubro, Martin"]
[Result "1-0"]
[WhiteElo "2278"]
[BlackElo "1809"]
[PlyCount "89"]
[EventDate "2009.??.??"]
[EventType "swiss"]
[EventRounds "9"]
[EventCountry "DEN"]

1. e4 e5 2. Nf3 d6 3. d4 exd4 4. Nxd4 Nf6 5. Nc3 Be7 6. Bf4 O-O 7. Qd2 Re8 8.
O-O-O a6 9. f3 d5 10. e5 Nh5 11. Be3 c5 12. g4 cxd4 13. Qxd4 Nc6 14. Qxd5 Bg5
15. Qe4 Qe7 16. gxh5 Bxe3+ 17. Qxe3 Qxe5 18. Qxe5 Rxe5 19. h6 g6 20. Bc4 Rh5
21. Rhe1 Bf5 22. Rd2 Rxh6 23. Ne4 Ne5 24. Bd5 Nxf3 25. Nf6+ Kg7 26. Bxf3 Kxf6
27. Bxb7 Ra7 28. Bd5 Rh4 29. c4 Rc7 30. b3 a5 31. Kb2 a4 32. Re3 axb3 33. axb3
Rh3 34. Rxh3 Bxh3 35. Rf2+ Kg7 36. b4 Bf5 37. b5 Kf8 38. Kc3 Ke7 39. Kd4 Kd6
40. Ra2 Be6 41. c5+ Kd7 42. b6 Bxd5 43. Kxd5 Rc8 44. c6+ Rxc6 45. Ra7+ 1-0

[Event "Copenhagen Chess Challenge 2009"]
[Site "Ballerup"]
[Date "2009.??.??"]
[Round "2"]
[White "Haubro, Martin"]
[Black "Peschardt, Soren"]
[Result "0-1"]
[WhiteElo "1809"]
[BlackElo "2104"]
[PlyCount "94"]
[EventDate "2009.??.??"]
[EventType "swiss"]
[EventRounds "9"]
[EventCountry "DEN"]

1. e4 c5 2. c4 Nc6 3. Nc3 e6 4. g3 g6 5. Bg2 Bg7 6. a3 Nge7 7. Nge2 O-O 8. O-O
d6 9. Rb1 f5 10. d3 e5 11. f4 Be6 12. Nd5 Bxd5 13. exd5 Nb8 14. b4 Nd7 15. Be3
cxb4 16. axb4 Nf6 17. fxe5 Ng4 18. Bg5 dxe5 19. h3 Nf6 20. d4 h6 21. Be3 e4 22.
Nf4 Rf7 23. Ne6 Qd7 24. b5 b6 25. Qd2 h5 26. Bf4 Ne8 27. g4 Nd6 28. Rb4 Nxc4
29. Rxc4 Qxd5 30. Nc7 Qxc4 31. Nxa8 Nd5 32. gxh5 Bxd4+ 33. Kh1 e3 34. Bxe3 Nxe3
35. Rc1 Qa4 36. hxg6 Rf8 37. Nc7 Nxg2 38. Qxg2 Qb3 39. Rf1 Kg7 40. Qh2 Rh8 41.
h4 Qd3 42. Rf4 Qd1+ 43. Kg2 Qc2+ 44. Kh1 Qxh2+ 45. Kxh2 Be5 46. Ne6+ Kf6 47.
Kg3 Kxe6 0-1

[Event "Copenhagen Chess Challenge 2009"]
[Site "Ballerup"]
[Date "2009.??.??"]
[Round "2"]
[White "Eriksson, Christian Altenburg"]
[Black "Jacobsen, Mads Holger Bang"]
[Result "1-0"]
[WhiteElo "2122"]
[BlackElo "1830"]
[PlyCount "61"]
[EventDate "2009.??.??"]
[EventType "swiss"]
[EventRounds "9"]
[EventCountry "DEN"]

1. e4 c5 2. c3 b6 3. d4 Bb7 4. Bd3 Nf6 5. Qe2 cxd4 6. cxd4 Nc6 7. Nf3 Nb4 8.
Nc3 Nxd3+ 9. Qxd3 Qc8 10. Bg5 e6 11. Rc1 Bb4 12. O-O Bxc3 13. Rxc3 Qb8 14. Bxf6
gxf6 15. Qe3 Rg8 16. d5 Qd8 17. Rd1 Rc8 18. Rcd3 Qe7 19. Qh6 Rc2 20. Qxh7 Rg4
21. dxe6 Qxe6 22. Ne1 Rxb2 23. f3 Rg6 24. Rd6 Qe7 25. Rxd7 Qxd7 26. Rxd7 Rgxg2+
27. Nxg2 Rb1+ 28. Kf2 Rb2+ 29. Kg3 Kxd7 30. Qxf7+ Kc8 31. Qxf6 1-0

[Event "Copenhagen Chess Challenge 2009"]
[Site "Ballerup"]
[Date "2009.??.??"]
[Round "2"]
[White "Rhee, Alexander"]
[Black "Petrovski, Petruli"]
[Result "0-1"]
[WhiteElo "2115"]
[BlackElo "1772"]
[PlyCount "65"]
[EventDate "2009.??.??"]
[EventType "swiss"]
[EventRounds "9"]
[EventCountry "DEN"]

1. e4 c5 2. Nf3 d6 3. d4 cxd4 4. Nxd4 Nf6 5. Nc3 a6 6. h3 e5 7. Nde2 Be6 8. g4
h6 9. Bg2 Be7 10. Be3 Nbd7 11. f4 exf4 12. Nxf4 Ne5 13. Qe2 Qc7 14. O-O-O Rc8
15. Kb1 b5 16. g5 hxg5 17. Nxe6 fxe6 18. Bxg5 Nc4 19. Rd3 b4 20. Nd1 a5 21. Ne3
Ne5 22. Rdd1 Qb6 23. Bf4 Nfd7 24. h4 a4 25. Bh3 Kf7 26. h5 Bf6 27. Rhf1 b3 28.
cxb3 axb3 29. a3 Qc5 30. Ka1 Rc7 31. h6 Rhc8 32. Ng4 Nxg4 33. Bxg4 {olsligt.}
0-1

[Event "Copenhagen Chess Challenge 2009"]
[Site "Ballerup"]
[Date "2009.??.??"]
[Round "2"]
[White "Rossen, Claus"]
[Black "Moller, Arne"]
[Result "1-0"]
[WhiteElo "2134"]
[BlackElo "1903"]
[PlyCount "39"]
[EventDate "2009.??.??"]
[EventType "swiss"]
[EventRounds "9"]
[EventCountry "DEN"]

1. e4 c5 2. Nf3 d6 3. d4 cxd4 4. Nxd4 Nf6 5. Nc3 a6 6. Bg5 e6 7. Qf3 Be7 8. Be2
O-O 9. Qg3 Nc6 10. O-O-O Qc7 11. Nxc6 bxc6 12. h4 e5 13. h5 Kh8 14. h6 g6 15.
Qh4 Ng8 16. Bxe7 Qxe7 17. Qxe7 Nxe7 18. Rxd6 Be6 19. Na4 a5 20. Nc5 1-0

[Event "Copenhagen Chess Challenge 2009"]
[Site "Ballerup"]
[Date "2009.??.??"]
[Round "2"]
[White "Andersen, Daniel"]
[Black "Schmidt, Tommy B"]
[Result "0-1"]
[WhiteElo "1940"]
[BlackElo "2167"]
[PlyCount "74"]
[EventDate "2009.??.??"]
[EventType "swiss"]
[EventRounds "9"]
[EventCountry "DEN"]

1. c4 e5 2. Nc3 Nc6 3. Nf3 f5 4. d3 Nf6 5. g3 Bb4 6. Bd2 O-O 7. Bg2 d6 8. O-O
Qe8 9. a3 Bxc3 10. Bxc3 Qh5 11. b4 f4 12. c5 Bh3 13. Qb3+ Kh8 14. b5 Nd8 15.
cxd6 cxd6 16. Bb4 Nf7 17. Rac1 fxg3 18. fxg3 Bxg2 19. Kxg2 Ng4 20. Bd2 e4 21.
dxe4 Ng5 22. h4 Nxe4 23. Qd3 Rae8 24. Bf4 Rxf4 25. gxf4 Nh6 26. e3 Qg4+ 27. Kh2
Qg3+ 28. Kh1 Qh3+ 29. Kg1 Qg3+ 30. Kh1 Nf2+ 31. Rxf2 Qxf2 32. Ng5 Qxh4+ 33. Kg2
Ng4 34. Ne4 Qh2+ 35. Kf3 Qh3+ 36. Ng3 Rxe3+ 37. Qxe3 Nxe3 0-1

[Event "Copenhagen Chess Challenge 2009"]
[Site "Ballerup"]
[Date "2009.??.??"]
[Round "2"]
[White "Nielsen, Thomas (1975)"]
[Black "Jorgensen, Dennis"]
[Result "0-1"]
[WhiteElo "1970"]
[BlackElo "2197"]
[PlyCount "69"]
[EventDate "2009.??.??"]
[EventType "swiss"]
[EventRounds "9"]
[EventCountry "DEN"]

1. e4 c6 2. d4 d5 3. Nc3 dxe4 4. Nxe4 Bf5 5. Ng3 Bg6 6. h4 h6 7. Nh3 Nf6 8. Nf4
Bh7 9. Bc4 e5 10. dxe5 Qa5+ 11. c3 Qxe5+ 12. Be3 Bc5 13. Qf3 Bxe3 14. fxe3 O-O
15. O-O Nbd7 16. Nfh5 Rae8 17. Rae1 Re7 18. Nxf6+ Nxf6 19. Qf4 Rfe8 20. Qxe5
Rxe5 21. Rf3 Bg6 22. Bb3 Rd8 23. Rf4 Rd2 24. Rf2 Rd3 25. Nf1 Rd7 26. Rf4 h5 27.
Rd4 Rde7 28. Rd6 Kh7 29. Rd8 a5 30. a4 Ne4 31. Ba2 Nc5 32. Red1 Re4 33. b3 R4e5
34. g3 Bf5 35. Bb1 {olsligt.} 0-1

[Event "Copenhagen Chess Challenge 2009"]
[Site "Ballerup"]
[Date "2009.??.??"]
[Round "2"]
[White "Hvenekilde, Jorgen"]
[Black "Boulan, Laura"]
[Result "1/2-1/2"]
[WhiteElo "2184"]
[BlackElo "1955"]
[PlyCount "41"]
[EventDate "2009.??.??"]
[EventType "swiss"]
[EventRounds "9"]
[EventCountry "DEN"]

1. d4 d6 2. Nf3 Bg4 3. e3 e6 4. Be2 d5 5. Nbd2 Nf6 6. h3 Bxf3 7. Bxf3 Nbd7 8.
c4 c6 9. O-O Bd6 10. e4 dxe4 11. Nxe4 Nxe4 12. Bxe4 O-O 13. Re1 Bc7 14. b3 Nf6
15. Ba3 Re8 16. Bf3 h6 17. Qd3 Nh7 18. g3 Qf6 19. Bb2 Rad8 20. Qe2 Qg5 21. h4
1/2-1/2

[Event "Copenhagen Chess Challenge 2009"]
[Site "Ballerup"]
[Date "2009.??.??"]
[Round "2"]
[White "Akdag, Dara Sevkan"]
[Black "Jorgensen, Kasper Moller"]
[Result "1-0"]
[WhiteElo "2199"]
[BlackElo "1999"]
[PlyCount "85"]
[EventDate "2009.??.??"]
[EventType "swiss"]
[EventRounds "9"]
[EventCountry "DEN"]

1. d4 Nf6 2. c4 c5 3. d5 e6 4. Nc3 exd5 5. cxd5 d6 6. Nf3 g6 7. Bf4 Bg7 8. Qa4+
Bd7 9. Qb3 Qc7 10. h3 O-O 11. e3 a6 12. a4 Bf5 13. Nd2 h5 14. Nc4 Ne8 15. Be2
h4 16. Qb6 Qxb6 17. Nxb6 Ra7 18. Bg4 Be5 19. Bxe5 dxe5 20. Bxf5 gxf5 21. Nc8
Ra8 22. Ne7+ Kh7 23. Nxf5 Nd7 24. Nxh4 c4 25. Nf3 f6 26. Nd2 Rc8 27. O-O Nd6
28. Nde4 Nf5 29. Kh2 Nh4 30. g3 Ng6 31. Nd6 Rc7 32. Nce4 Ne7 33. Rfd1 Kg6 34.
g4 Nc5 35. Nxc5 Rxc5 36. e4 Rc7 37. Rdc1 b5 38. axb5 axb5 39. Nxb5 Rb7 40. Nd6
Rxb2 41. Kg2 Kg5 42. Nxc4 Re2 43. Kf3 1-0

[Event "Copenhagen Chess Challenge 2009"]
[Site "Ballerup"]
[Date "2009.??.??"]
[Round "2"]
[White "Bekker Jensen, David"]
[Black "Christensen, Casper"]
[Result "1-0"]
[WhiteElo "2330"]
[BlackElo "1793"]
[PlyCount "65"]
[EventDate "2009.??.??"]
[EventType "swiss"]
[EventRounds "9"]
[EventCountry "DEN"]

1. d4 g6 2. g3 Bg7 3. Bg2 Nf6 4. c4 d6 5. Nc3 O-O 6. Nf3 Nbd7 7. O-O c5 8. d5
Ng4 9. Nd2 Nb6 10. e3 Bd7 11. Qe2 Ne5 12. h3 f5 13. f4 Nf7 14. Qd3 Na4 15. Nd1
Rb8 16. Rb1 Qa5 17. a3 b5 18. b3 Nb6 19. Rf2 bxc4 20. bxc4 Na4 21. Nb3 Qa6 22.
Bd2 Nb6 23. Na5 Rfc8 24. Kh2 Nd8 25. e4 Nf7 26. Ne3 Nh6 27. Re2 Re8 28. Nc6
Bxc6 29. dxc6 fxe4 30. Bxe4 Rf8 31. Nd5 Qxc4 32. Qxc4 Nxc4 33. Rxb8 1-0

[Event "Copenhagen Chess Challenge 2009"]
[Site "Ballerup"]
[Date "2009.??.??"]
[Round "2"]
[White "Lauritsen, Martin Lee"]
[Black "Bejtovic, Jasmin"]
[Result "0-1"]
[WhiteElo "2063"]
[BlackElo "2306"]
[PlyCount "92"]
[EventDate "2009.??.??"]
[EventType "swiss"]
[EventRounds "9"]
[EventCountry "DEN"]

1. c4 g6 2. g3 Bg7 3. Bg2 Nf6 4. d4 O-O 5. Nf3 c5 6. d5 d6 7. O-O b5 8. cxb5 a6
9. bxa6 Bf5 10. Nc3 Ne4 11. Bd2 Nxa6 12. Nh4 Nxd2 13. Qxd2 Bd7 14. e4 Qb6 15.
Rab1 Rfb8 16. Rfe1 Nc7 17. Bf1 Nb5 18. Nxb5 Bxb5 19. Bxb5 Qxb5 20. b3 c4 21.
Qc2 c3 22. Ng2 Qc5 23. Nf4 Ra3 24. Ra1 Qa7 25. Nd3 Rbxb3 26. Qxb3 Rxb3 27. axb3
Qd4 28. Ra8+ Bf8 29. Nc1 f5 30. exf5 Qxd5 31. Rc8 Qd2 32. Kf1 gxf5 33. Ne2 c2
34. Rc1 Qd1+ 35. Kg2 Qxe2 36. R8xc2 Qd3 37. Rb2 Bg7 38. Rbb1 Qe4+ 39. Kg1 Bd4
40. b4 Qe2 41. Rf1 Kf7 42. Rbc1 h5 43. Kg2 Qe4+ 44. f3 Qe2+ 45. Kh3 Bf2 46. f4
h4 0-1

[Event "Copenhagen Chess Challenge 2009"]
[Site "Ballerup"]
[Date "2009.??.??"]
[Round "2"]
[White "Matthiesen, Arne"]
[Black "Haubro, Sigfred"]
[Result "1/2-1/2"]
[WhiteElo "2349"]
[BlackElo "2120"]
[PlyCount "69"]
[EventDate "2009.??.??"]
[EventType "swiss"]
[EventRounds "9"]
[EventCountry "DEN"]

1. d4 d5 2. Nf3 e6 3. c4 f5 4. Bf4 Nf6 5. e3 Be7 6. Nc3 c6 7. Bd3 O-O 8. Qc2
Ne4 9. g4 Kh8 10. h3 a5 11. Ke2 Na6 12. a3 Bd6 13. Bxd6 Nxd6 14. c5 Ne4 15.
Bxa6 Rxa6 16. Nxe4 fxe4 17. Ne5 b6 18. Rac1 bxc5 19. Qxc5 Rb6 20. Rc2 Ba6+ 21.
Ke1 Rb3 22. Rg1 Bd3 23. Rd2 Bb5 24. g5 g6 25. h4 Rf5 26. Qa7 Qf8 27. Rg3 Qg7
28. Qxa5 Rf8 29. Qb6 Qe7 30. h5 Kg7 31. hxg6 hxg6 32. Rh3 Rf5 33. Qb8 Rf8 34.
Qb6 Rf5 35. Qb8 1/2-1/2

[Event "Copenhagen Chess Challenge 2009"]
[Site "Ballerup"]
[Date "2009.??.??"]
[Round "2"]
[White "Tandrup, Michael"]
[Black "Mikkelsen, Nikolaj"]
[Result "0-1"]
[WhiteElo "1917"]
[BlackElo "2394"]
[PlyCount "58"]
[EventDate "2009.??.??"]
[EventType "swiss"]
[EventRounds "9"]
[EventCountry "DEN"]

1. d4 Nf6 2. Nf3 g6 3. e3 Bg7 4. c4 O-O 5. Nc3 d5 6. Be2 c5 7. O-O cxd4 8. Nxd4
dxc4 9. Bxc4 Bd7 10. Qb3 Qc7 11. Nd5 Nxd5 12. Bxd5 Nc6 13. Nxc6 bxc6 14. Qc2
Be5 15. Bf3 Bxh2+ 16. Kh1 Be5 17. Bd2 Rab8 18. Bc3 Bf5 19. e4 Be6 20. b3 c5 21.
g3 c4 22. Bxe5 Qxe5 23. bxc4 Rb2 24. Qa4 Rxf2 25. Rxf2 Qxa1+ 26. Kg2 Qd4 27.
Qb4 Bh3+ 28. Kg1 Rc8 29. Qxe7 Rxc4 0-1

[Event "Copenhagen Chess Challenge 2009"]
[Site "Ballerup"]
[Date "2009.??.??"]
[Round "2"]
[White "Berg, Klaus"]
[Black "Brondum, Eric"]
[Result "1-0"]
[WhiteElo "2440"]
[BlackElo "2138"]
[PlyCount "73"]
[EventDate "2009.??.??"]
[EventType "swiss"]
[EventRounds "9"]
[EventCountry "DEN"]

1. d4 Nf6 2. c4 g6 3. Nc3 Bg7 4. e4 d6 5. f3 O-O 6. Be3 Nc6 7. Qd2 a6 8. Nge2
Rb8 9. Rc1 Bd7 10. Nd1 Re8 11. Nf2 h5 12. g3 e5 13. d5 Ne7 14. Bg2 Rf8 15. O-O
b6 16. b4 Ne8 17. Nd3 f5 18. c5 bxc5 19. bxc5 Bb5 20. Nc3 Nf6 21. Nxb5 axb5 22.
Nb4 fxe4 23. fxe4 Ng4 24. Bg5 Nf6 25. cxd6 Qxd6 26. Nc6 Rb6 27. Nxe7+ Qxe7 28.
Qc2 Ra6 29. Rf2 Ra4 30. Qxc7 Qxc7 31. Rxc7 Ne8 32. Rxf8+ Bxf8 33. Rb7 Bc5+ 34.
Kf1 Nd6 35. Rc7 Bd4 36. Bh3 Rxa2 37. Be6+ 1-0

[Event "Copenhagen Chess Challenge 2009"]
[Site "Ballerup"]
[Date "2009.??.??"]
[Round "2"]
[White "Grabarczyk, Miroslaw"]
[Black "Nielsen, Leonard De Freitas"]
[Result "1-0"]
[WhiteElo "2469"]
[BlackElo "1925"]
[PlyCount "67"]
[EventDate "2009.??.??"]
[EventType "swiss"]
[EventRounds "9"]
[EventCountry "DEN"]

1. d4 Nf6 2. c4 g6 3. Nf3 Bg7 4. g3 d5 5. cxd5 Nxd5 6. Bg2 O-O 7. O-O Nc6 8.
Nc3 Nb6 9. d5 Na5 10. Qc2 c6 11. dxc6 Nxc6 12. Rd1 Bf5 13. e4 Bd7 14. h3 Qc8
15. Kh2 Nb4 16. Qe2 Be6 17. Bg5 Re8 18. Rac1 Bc4 19. Qe3 Bxc3 20. Rxc3 Nxa2 21.
Rc2 Nb4 22. Rcc1 Na2 23. b3 Nxc1 24. Rxc1 f6 25. Bh6 Qe6 26. bxc4 Nxc4 27. Qb3
b5 28. e5 Rad8 29. exf6 exf6 30. Qxb5 Nd6 31. Qa5 Nf5 32. Bf4 Qb6 33. Qa2+ Kg7
34. Bc7 1-0

[Event "Copenhagen Chess Challenge 2009"]
[Site "Ballerup"]
[Date "2009.??.??"]
[Round "2"]
[White "Getz, Nicolai"]
[Black "Semcesen, Daniel"]
[Result "0-1"]
[WhiteElo "2205"]
[BlackElo "2387"]
[PlyCount "54"]
[EventDate "2009.??.??"]
[EventType "swiss"]
[EventRounds "9"]
[EventCountry "DEN"]

1. e4 e5 2. Nc3 Nf6 3. Bc4 Nc6 4. d3 Na5 5. Nge2 Bc5 6. O-O a6 7. Rb1 Ba7 8.
Bg5 h6 9. Bd2 d6 10. Ng3 O-O 11. h3 Nxc4 12. dxc4 Be6 13. b3 c6 14. Qf3 d5 15.
cxd5 cxd5 16. exd5 Nxd5 17. Nh5 Nxc3 18. Bxc3 Qg5 19. Rfe1 f6 20. Rbd1 Rf7 21.
Rd6 Qf5 22. Qe2 Re8 23. g4 Qg5 24. Bd2 Qh4 25. Qf3 f5 26. Rxe6 Rxe6 27. gxf5
Bxf2+ 0-1

[Event "Copenhagen Chess Challenge 2009"]
[Site "Ballerup"]
[Date "2009.??.??"]
[Round "2"]
[White "Smith, Axel"]
[Black "De Verdier, Michael"]
[Result "1-0"]
[WhiteElo "2383"]
[BlackElo "2289"]
[PlyCount "69"]
[EventDate "2009.??.??"]
[EventType "swiss"]
[EventRounds "9"]
[EventCountry "DEN"]

1. c4 Nf6 2. Nc3 e6 3. Nf3 b6 4. e4 Bb7 5. Bd3 d6 6. O-O Be7 7. Re1 c5 8. Bf1
Nbd7 9. d4 cxd4 10. Nxd4 a6 11. f3 O-O 12. Be3 Qc7 13. a4 Rfe8 14. Qd2 d5 15.
cxd5 exd5 16. Nxd5 Bxd5 17. Rac1 Qb7 18. exd5 Nxd5 19. Bf2 Bf6 20. Rxe8+ Rxe8
21. Nc6 Nc3 22. Rxc3 Bxc3 23. Qxc3 Nc5 24. Bxc5 bxc5 25. Ne5 Qe7 26. f4 Qf6 27.
Bc4 Re7 28. Nxf7 Qxf4 29. Ne5+ Kf8 30. Qf3 Qxf3 31. Nxf3 Rd7 32. b3 a5 33. Ng5
Rd1+ 34. Kf2 Ke7 35. Ne4 1-0

[Event "Copenhagen Chess Challenge 2009"]
[Site "Ballerup"]
[Date "2009.??.??"]
[Round "2"]
[White "Hoi, Carsten"]
[Black "Christensen, Bo Garner"]
[Result "1/2-1/2"]
[WhiteElo "2387"]
[BlackElo "2240"]
[PlyCount "148"]
[EventDate "2009.??.??"]
[EventType "swiss"]
[EventRounds "9"]
[EventCountry "DEN"]

1. d4 f5 2. Nf3 g6 3. h4 Nf6 4. Bg5 Bg7 5. Nbd2 c5 6. e3 Nc6 7. c3 O-O 8. d5
Nb8 9. d6 Nc6 10. h5 Nxh5 11. dxe7 Nxe7 12. Nc4 d5 13. Bxe7 Qxe7 14. Qxd5+ Be6
15. Qd6 Rfe8 16. Qxe7 Rxe7 17. Ng5 b5 18. Nxe6 Rxe6 19. Nd2 Rb8 20. a4 Ra6 21.
a5 Nf6 22. Be2 Rd6 23. Bf3 Nd7 24. O-O-O Ne5 25. Be2 Ra6 26. Kc2 c4 27. f4 Nd3
28. Bxd3 cxd3+ 29. Kxd3 b4 30. Nc4 bxc3 31. bxc3 Rc6 32. Ne5 Rc5 33. Rb1 Rd8+
34. Ke2 Rxa5 35. Rb7 g5 36. Nc6 Ra2+ 37. Kf3 g4+ 38. Kg3 Rdd2 39. Ne7+ Kf8 40.
Nxf5 Rxg2+ 41. Kh4 Bf6+ 42. Kh5 Ra5 43. e4 Bxc3 44. Rc1 Rc5 45. Rxa7 g3 46. Kg4
Rf2 47. Kxg3 Rxf4 48. Kxf4 Bd2+ 49. Kg4 Bxc1 50. Rxh7 Ra5 51. Rc7 Bb2 52. Rb7
Be5 53. Ne3 Ra2 54. Kf5 Bd4 55. Nc4 Rf2+ 56. Ke6 Rf1 57. Nd6 Rf6+ 58. Kd5 Bc3
59. Rb8+ Ke7 60. Rb7+ Kf8 61. Nb5 Ba1 62. Nd4 Bxd4 63. Kxd4 Ke8 64. Kd5 Rh6 65.
e5 Rg6 66. Ke4 Rh6 67. Kf5 Ra6 68. Rh7 Rb6 69. Ra7 Rc6 70. Ra2 Rb6 71. Ra5 Rc6
72. Rd5 Ra6 73. e6 Ra1 74. Ke5 Ke7 1/2-1/2

[Event "Copenhagen Chess Challenge 2009"]
[Site "Ballerup"]
[Date "2009.??.??"]
[Round "2"]
[White "Bekker Jensen, Simon"]
[Black "Kovachev, Daniel Jacobsen"]
[Result "1/2-1/2"]
[WhiteElo "2411"]
[BlackElo "2256"]
[PlyCount "55"]
[EventDate "2009.??.??"]
[EventType "swiss"]
[EventRounds "9"]
[EventCountry "DEN"]

1. d4 g6 2. c4 Bg7 3. e4 d6 4. Nc3 Nc6 5. d5 Nb8 6. Nf3 Nf6 7. Be2 Bg4 8. O-O
c6 9. Be3 O-O 10. h3 Bxf3 11. Bxf3 Qa5 12. Qd2 Rc8 13. Rfc1 cxd5 14. cxd5 Nbd7
15. Be2 Nb6 16. f3 Nfd7 17. Nd1 Qxd2 18. Bxd2 Bd4+ 19. Kh2 Kg7 20. Rxc8 Rxc8
21. Rc1 Rxc1 22. Bxc1 f5 23. Kg3 fxe4 24. fxe4 Ne5 25. Bg5 Kf7 26. Bg4 Nxg4 27.
Kxg4 Nd7 28. Kf3 1/2-1/2

[Event "Copenhagen Chess Challenge 2009"]
[Site "Ballerup"]
[Date "2009.??.??"]
[Round "2"]
[White "Kristensen, Kaare Hove"]
[Black "Lund, Silas"]
[Result "1/2-1/2"]
[WhiteElo "2244"]
[BlackElo "2430"]
[PlyCount "109"]
[EventDate "2009.??.??"]
[EventType "swiss"]
[EventRounds "9"]
[EventCountry "DEN"]

1. e4 e5 2. Nf3 Nc6 3. d4 exd4 4. Nxd4 Nf6 5. Nxc6 bxc6 6. e5 Qe7 7. Qe2 Nd5 8.
c4 Ba6 9. Qe4 Nb4 10. Nc3 Rd8 11. Be3 d5 12. cxd5 Bxf1 13. d6 cxd6 14. Qxb4
Bxg2 15. Rg1 Bh3 16. O-O-O dxe5 17. Rxd8+ Qxd8 18. Qb7 Qc8 19. Qxa7 Bf5 20. Na4
Bd6 21. Rd1 Qb8 22. Rxd6 Qxd6 23. Bc5 Qd8 24. Nb6 h5 25. Na8 Rh6 26. Nc7+ Kd7
27. Nb5+ Ke6 28. Nd6 Qg5+ 29. Kd1 Kd5 30. Qxf7+ Kxc5 31. Nxf5 Qd8+ 32. Ke2 Rf6
33. Qa7+ Kb5 34. Ne3 c5 35. a4+ Kc6 36. Qxg7 Rd6 37. Qxe5 Rd2+ 38. Kf3 Qd4 39.
Qe6+ Kb7 40. a5 Rxb2 41. Qf7+ Ka6 42. Qe6+ Ka7 43. Qf7+ Rb7 44. Qxh5 c4 45. Qd5
Qxd5+ 46. Nxd5 c3 47. Nxc3 Rb3 48. h4 Rxc3+ 49. Kg4 Kb8 50. h5 Kc7 51. h6 Kd6
52. h7 Rc8 53. Kg5 Ke7 54. Kg6 Rf8 55. Kg7 1/2-1/2